Investment valuation : (Registro nro. 13276)

Detalles MARC
000 -LIDER
fixed length control field 00531nam a2200169 4500
003 - IDENTIFICACDOR DE NÚMERO DE CONTROL
control field DO-SdBNP
005 - DATE AND TIME OF LATEST TRANSACTION
control field 20180209100208.0
008 - ELEMENTOS DE LONGITUD FIJA
fixed length control field 180209b1996 xx 00| 0 spa d
020 ## - ISBN
International Standard Book Number 0471133930
040 ## - FUENTE DE CATALOGACIÓN
Campo enlazado y núm. de secuencia
Agencia que crea de manera original el registro BPMSU
Idioma de catalogación spa
Agencia que realiza la transcripción BPMSU
100 ## - ASIENTO PRINCIPAL -- NOMBRE PERSONAL
Nombre personal Damodaran, Aswath.
245 ## - MENCIÓN DE TITULO
Título Investment valuation :
Subtítulo tools and techniques for determining the value of any asset /
Mención de responsabilidad Aswath Damodaran
260 ## - PUBLICACIÓN, DISTRIBUCIÓN, ETC. (PIE DE IMPRENTA)
Lugar de publicación, distribución, etc N.J. :
Nombre del editor, distribuidor, etc. Wiley,
Fecha de publicación, distribución, etc 2012
942 ## - ADDED ENTRY ELEMENTS (KOHA)
Source of classification or shelving scheme Dewey Decimal Classification
Koha item type Libros
945 ## - INFORMACIÓN DE PROCESAMIENTO LOCAL
Información de procesamiento local Inventariado extranjero / 2018 VM
956 ## - LOCAL ELECTRONIC LOCATION AND ACCESS (OCLC)
Método de acceso
Nombre de host VMATEO
Número de acceso 10
Información de compresión 20180209
Trayectoria BPMSU
Nombre Electrónico 0069
Existencias
Withdrawn status Lost status Source of classification or shelving scheme Damaged status Not for loan Collection code Home library Current library Date acquired Total Checkouts Barcode Date last seen Price effective from Koha item type
    Dewey Decimal Classification     Colección General Biblioteca Pública Metropolitana Salomé Ureña Biblioteca Pública Metropolitana Salomé Ureña 02/09/2018   BPMSU18020110 02/09/2018 02/09/2018 Libros